[Event "Czech Open Rapid 2019"]
[Site "Pardubice"]
[Date "2019.07.18"]
[Round "9.33"]
[White "Pacl, Vaclav"]
[Black "Iro, Christian"]
[Result "1-0"]
[WhiteElo "2059"]
[BlackElo "2077"]
[Annotator "NA"]
[PlyCount "39"]
[EventDate "2019.07.17"]
[EventType "swiss"]
[EventCountry "CZE"]
[SourceTitle "playchess.com"]
[Source "ChessBase"]
[SourceQuality "1"]

1. Nf3 Nf6 2. d4 d5 3. e3 e6 4. Bd3 Be7 5. Nbd2 O-O 6. O-O c5 7. b3 Nc6 8. Bb2 b6 9. Ne5 Bb7 10. f4 Rc8 11. a3 Ne4 12. Nxe4 Nxe5 13. Nf6+ Bxf6 14. dxe5 Be7 15. f5 Bg5 16. f6 c4 17. Bxh7+ Kxh7 18. Qh5+ Bh6 19. fxg7 Kxg7 20. Rf3 1-0

[Event "Czech Open Rapid 2019"]
[Site "Pardubice"]
[Date "2019.07.18"]
[Round "9.34"]
[White "Berdnyk, Mariia"]
[Black "Kopriva, Martin"]
[Result "1-0"]
[WhiteElo "2247"]
[BlackElo "2031"]
[Annotator "NA"]
[PlyCount "53"]
[EventDate "2019.07.17"]
[EventType "swiss"]
[EventCountry "CZE"]
[SourceTitle "playchess.com"]
[Source "ChessBase"]
[SourceQuality "1"]

1. Nf3 Nf6 2. g3 g6 3. c4 Bg7 4. Bg2 d6 5. Nc3 O-O 6. O-O c5 7. d4 Nc6 8. d5 Nb8 9. Qc2 Nbd7 10. Bf4 a6 11. e4 b5 12. cxb5 axb5 13. Nxb5 Ba6 14. a4 Rb8 15. Nd2 Bxb5 16. axb5 Qb6 17. Rfb1 Qxb5 18. Bf1 Qb7 19. Nc4 Ra8 20. Na5 Qc8 21. Nc6 Re8 22. Rxa8 Qxa8 23. b4 cxb4 24. Rxb4 Nc5 25. Nxe7+ Rxe7 26. Bxd6 Qa5 27. Rb5 1-0

[Event "Czech Open Rapid 2019"]
[Site "Pardubice"]
[Date "2019.07.18"]
[Round "9.34"]
[White "Juchelka, Petr"]
[Black "Chrz, Pavel"]
[Result "0-1"]
[WhiteElo "1691"]
[BlackElo "1985"]
[Annotator "NA"]
[PlyCount "114"]
[EventDate "2019.07.17"]
[EventType "swiss"]
[EventCountry "CZE"]
[SourceTitle "playchess.com"]
[Source "ChessBase"]
[SourceQuality "1"]

1. e4 c5 2. Nf3 Nc6 3. d4 cxd4 4. Nxd4 e5 5. Nxc6 bxc6 6. Nc3 Nf6 7. Bc4 Bb4 8. Qf3 d5 9. exd5 e4 10. Qe2 cxd5 11. Bb5+ Bd7 12. O-O O-O 13. Bg5 Bxc3 14. bxc3 Qa5 15. c4 Bg4 16. Qd2 Qxd2 17. Bxd2 Be2 18. Rfe1 Bxc4 19. Ba4 Rfd8 20. Bb4 Ng4 21. h3 Nf6 22. Be7 Rdc8 23. Bd6 a5 24. g4 Ra6 25. Be5 Re6 26. Bd4 Rb8 27. Bb3 Rc8 28. Ba4 Rb8 29. Bb3 Rc6 30. Rac1 Bxb3 31. cxb3 Rbc8 32. Rxc6 Rxc6 33. Re2 h6 34. Kg2 Kh7 35. Kg3 Kg6 36. Kf4 Nd7 37. h4 f6 38. h5+ Kf7 39. Kf5 Rc1 40. f3 Rf1 41. Rf2 Rxf2 42. Bxf2 exf3 43. Bd4 Ne5 44. Kf4 g5+ 45. hxg6+ Kxg6 46. Kg3 Kf7 47. Bb6 Nc6 48. Kxf3 Ke6 49. Bc5 f5 50. Bf8 Ne5+ 51. Kf4 Ng6+ 52. Kf3 Nxf8 53. gxf5+ Kxf5 54. a3 Nd7 55. b4 a4 56. b5 Nb6 57. Ke3 Ke5 0-1

[Event "Czech Open Rapid 2019"]
[Site "Pardubice"]
[Date "2019.07.18"]
[Round "9.36"]
[White "Freisler, Pavel"]
[Black "Morozov, Mikhail M."]
[Result "0-1"]
[WhiteElo "2261"]
[BlackElo "1997"]
[Annotator "NA"]
[PlyCount "79"]
[EventDate "2019.07.17"]
[EventType "swiss"]
[EventCountry "CZE"]
[SourceTitle "playchess.com"]
[Source "ChessBase"]
[SourceQuality "1"]

1. Nf3 e6 2. c4 f5 3. g3 Nf6 4. Bg2 Be7 5. O-O O-O 6. Nc3 d6 7. d4 a5 8. Qc2 Nc6 9. Rd1 Qe8 10. d5 Nb4 11. Qd2 e5 12. a3 Na6 13. Rb1 Nc5 14. b4 Nce4 15. Nxe4 Nxe4 16. Qc2 Qh5 17. Nd2 Qxe2 18. Rf1 Nxd2 19. Bxd2 axb4 20. axb4 Qh5 21. c5 Bd7 22. c6 bxc6 23. dxc6 Be6 24. b5 f4 25. Rfe1 f3 26. Bf1 Kh8 27. Ra1 Rac8 28. Ra7 Bh3 29. Bd3 Bg5 30. Bxg5 Qxg5 31. Bxh7 Rf6 32. Be4 Bg2 33. Rea1 Qh5 34. h4 Rff8 35. Rxc7 Rxc7 36. b6 Rcf7 37. c7 Qg4 38. Bxf3 Bxf3 39. Kh2 Be4 40. Qd1 0-1

[Event "Czech Open Rapid 2019"]
[Site "Pardubice"]
[Date "2019.07.18"]
[Round "9.37"]
[White "Soural, Jan"]
[Black "Valenta, Vit"]
[Result "1-0"]
[WhiteElo "2196"]
[BlackElo "2147"]
[Annotator "NA"]
[PlyCount "89"]
[EventDate "2019.07.17"]
[EventType "swiss"]
[EventCountry "CZE"]
[SourceTitle "playchess.com"]
[Source "ChessBase"]
[SourceQuality "1"]

1. d4 Nf6 2. c4 g6 3. Nc3 Bg7 4. e4 d6 5. Nf3 O-O 6. Be2 e5 7. O-O Nc6 8. d5 Ne7 9. Ne1 Nd7 10. Be3 a5 11. Nd3 f5 12. f3 b6 13. a3 Nc5 14. Qc2 f4 15. Bxc5 bxc5 16. b4 axb4 17. axb4 Rxa1 18. Rxa1 cxb4 19. Nxb4 Bd7 20. c5 Qb8 21. Na6 Qa7 22. Nb5 Bxb5 23. Bxb5 Rb8 24. Bf1 Ra8 25. Kh1 dxc5 26. Rc1 Bf8 27. Qb2 Qb6 28. Qxe5 Rxa6 29. Bxa6 Qxa6 30. Qxc7 Nc8 31. Qxf4 c4 32. e5 Ba3 33. Qxc4 Qxc4 34. Rxc4 Nb6 35. Rc3 Bb4 36. Rd3 Kf7 37. f4 Ke7 38. g3 Nd7 39. Rb3 Bc5 40. Rb7 Kd8 41. Kg2 Kc8 42. Rb1 Kd8 43. Kf3 Bf8 44. d6 Nc5 45. Rb8+ 1-0

[Event "Czech Open Rapid 2019"]
[Site "Pardubice"]
[Date "2019.07.18"]
[Round "9.38"]
[White "Hrabinska, Myroslava"]
[Black "Dev, Shah"]
[Result "1-0"]
[WhiteElo "2243"]
[BlackElo "2147"]
[Annotator "NA"]
[PlyCount "47"]
[EventDate "2019.07.17"]
[EventType "swiss"]
[EventCountry "CZE"]
[SourceTitle "playchess.com"]
[Source "ChessBase"]
[SourceQuality "1"]

1. e4 e5 2. Nf3 Nc6 3. d4 exd4 4. c3 d5 5. exd5 Qxd5 6. cxd4 Bg4 7. Be2 Nf6 8. Nc3 Bb4 9. O-O Qd7 10. d5 Ne7 11. Ne5 Bxe2 12. Qxe2 Qf5 13. Qb5+ c6 14. dxc6 bxc6 15. Qxb4 Qxe5 16. Bf4 Qf5 17. Rfe1 c5 18. Qa4+ Kf8 19. Bd6 Nfg8 20. Rad1 Qf6 21. Ne4 Qxb2 22. Nxc5 g6 23. Nd7+ Kg7 24. Be5+ 1-0

[Event "Czech Open Rapid 2019"]
[Site "Pardubice"]
[Date "2019.07.18"]
[Round "9.39"]
[White "Jun, Rudolf Jr."]
[Black "Polak, Benedikt"]
[Result "0-1"]
[WhiteElo "2200"]
[BlackElo "2170"]
[Annotator "NA"]
[PlyCount "78"]
[EventDate "2019.07.17"]
[EventType "swiss"]
[EventCountry "CZE"]
[SourceTitle "playchess.com"]
[Source "ChessBase"]
[SourceQuality "1"]

1. e4 c5 2. Nf3 e6 3. c4 b6 4. Nc3 Bb7 5. Be2 d6 6. d4 cxd4 7. Nxd4 a6 8. O-O Nf6 9. f3 Be7 10. Be3 O-O 11. Qd2 Qc7 12. Rac1 Nbd7 13. Rfd1 Rfe8 14. Kh1 Rac8 15. a3 Qb8 16. Bg1 h5 17. Bf1 h4 18. b4 h3 19. Rb1 Ne5 20. Qa2 hxg2+ 21. Kxg2 b5 22. c5 dxc5 23. bxc5 Bxc5 24. Qb3 Qa8 25. Re1 Red8 26. Rbd1 Ng6 27. Bf2 Qa7 28. Ndxb5 axb5 29. Nxb5 Qb6 30. Bxc5 Qxc5 31. Rxd8+ Rxd8 32. Nc3 Rd2+ 33. Ne2 Ba6 34. Qb8+ Kh7 35. Kg3 Bxe2 36. Bxe2 Nh5+ 37. Kg2 Nhf4+ 38. Kf1 Qg5 39. Kf2 Nh3+ 0-1

[Event "Czech Open Rapid 2019"]
[Site "Pardubice"]
[Date "2019.07.18"]
[Round "9.40"]
[White "Roessler, Ulrike"]
[Black "Babicka, Michal"]
[Result "0-1"]
[WhiteElo "2139"]
[BlackElo "2005"]
[Annotator "NA"]
[PlyCount "54"]
[EventDate "2019.07.17"]
[EventType "swiss"]
[EventCountry "CZE"]
[SourceTitle "playchess.com"]
[Source "ChessBase"]
[SourceQuality "1"]

1. e4 c5 2. Nf3 d6 3. d4 cxd4 4. Nxd4 Nf6 5. Nc3 a6 6. Be3 e5 7. Nb3 Be7 8. f3 O-O 9. Qd2 Be6 10. O-O-O Qc7 11. Kb1 b5 12. g4 Nbd7 13. h4 Nb6 14. h5 Nfd7 15. g5 b4 16. Nd5 Bxd5 17. exd5 a5 18. g6 a4 19. Nc1 a3 20. h6 fxg6 21. Bh3 axb2 22. Be6+ Rf7 23. Nd3 Nc4 24. Qe1 Na3+ 25. Kxb2 Qxc2+ 26. Ka1 Nc4 27. Nxb4 Qb2# 0-1

[Event "Czech Open Rapid 2019"]
[Site "Pardubice"]
[Date "2019.07.18"]
[Round "9.41"]
[White "Flajsman, Pavel"]
[Black "Chirivi C, Jenny Astrid"]
[Result "1-0"]
[WhiteElo "1917"]
[BlackElo "2089"]
[Annotator "NA"]
[PlyCount "71"]
[EventDate "2019.07.17"]
[EventType "swiss"]
[EventCountry "CZE"]
[SourceTitle "playchess.com"]
[Source "ChessBase"]
[SourceQuality "1"]

1. d4 d5 2. Nf3 Nf6 3. c4 c6 4. g3 Bg4 5. Bg2 e6 6. O-O Be7 7. Nc3 O-O 8. b3 Nbd7 9. Bb2 b6 10. Ne5 Nxe5 11. dxe5 Nd7 12. cxd5 cxd5 13. Qd4 Bh5 14. b4 f6 15. exf6 Bxf6 16. Qd2 Rc8 17. Nb5 Ne5 18. Bxe5 Bxe5 19. Rac1 Qe7 20. a3 Bf6 21. e3 Bf7 22. Rxc8 Rxc8 23. Rc1 Rxc1+ 24. Qxc1 Qd7 25. Nxa7 g6 26. Qc8+ Be8 27. Qxd7 Bxd7 28. b5 d4 29. exd4 Bxd4 30. Bc6 Bxc6 31. bxc6 Be5 32. Nb5 Kf7 33. c7 Bxc7 34. Nxc7 Ke7 35. Na8 b5 36. Nc7 1-0

[Event "Czech Open Rapid 2019"]
[Site "Pardubice"]
[Date "2019.07.18"]
[Round "9.42"]
[White "Gagare, Shalmali"]
[Black "Ibrahim, Emad Eldin"]
[Result "1/2-1/2"]
[WhiteElo "2058"]
[BlackElo "2042"]
[Annotator "NA"]
[PlyCount "141"]
[EventDate "2019.07.17"]
[EventType "swiss"]
[EventCountry "CZE"]
[SourceTitle "playchess.com"]
[Source "ChessBase"]
[SourceQuality "1"]

1. c4 Nf6 2. Nf3 c5 3. g3 g6 4. Bg2 Bg7 5. Nc3 O-O 6. O-O Nc6 7. d3 d6 8. a3 Rb8 9. Rb1 a5 10. Ne1 Bd7 11. Nc2 Qc8 12. b4 axb4 13. axb4 Bh3 14. bxc5 Bxg2 15. Kxg2 dxc5 16. Bf4 e5 17. Bg5 Qg4 18. Bxf6 Bxf6 19. Ne3 Qe6 20. Ned5 Bd8 21. Ne4 b6 22. Nec3 f5 23. Na4 Rf7 24. Ndxb6 Bxb6 25. Rxb6 Rxb6 26. Nxb6 Nb4 27. Nd5 Nxd5 28. cxd5 Qxd5+ 29. f3 Ra7 30. Rf2 Rf7 31. Qc2 h5 32. Rf1 Kg7 33. Rc1 Rc7 34. Qc4 Qd4 35. Qxd4 exd4 36. Kf2 Kf6 37. Rb1 Rc6 38. Rb8 c4 39. dxc4 Rxc4 40. Rb6+ Kf7 41. Rd6 Ra4 42. h4 Rb4 43. Kg2 Rb2 44. Rxd4 Rxe2+ 45. Kh3 Rf2 46. f4 Ra2 47. Rb4 Ra7 48. Rb6 Rc7 49. Kg2 Rc2+ 50. Kf3 Rc3+ 51. Kg2 Re3 52. Kf2 Re7 53. Kf3 Rd7 54. Ke3 Rd1 55. Kf3 Rd3+ 56. Kf2 Ra3 57. Rc6 Rb3 58. Ra6 Rb7 59. Ke3 Re7+ 60. Kf3 Re1 61. Rb6 Ra1 62. Rc6 Ra3+ 63. Kf2 Rb3 64. Ra6 Rb7 65. Rc6 Re7 66. Ra6 Re6 67. Ra7+ Kf6 68. Ra5 Rb6 69. Re5 Re6 70. Ra5 Rd6 71. Re5 1/2-1/2